000 00163nam a22000857a 4500
020 _a9781603469203
082 _aK423
245 _aPHONICS IS FUN - BOOK 1
942 _cBK
999 _c5076
_d5076